Statistics for Pop Songs of 2014

Click here to take the quiz!

General Stats

  • This quiz has been taken 2,015 times
  • The average score is 6 of 15

Answer Stats

HintAnswer% Correct
Pharell WilliamsHappy
97%
John LegendAll of Me
87%
One RepublicCounting Stars
60%
BastillePompeii
57%
Katy PerryDark Horse
50%
MKTOClassic
39%
Jason DeruloTalk Dirty
39%
LordeTeam
31%
American AuthorsBest Day of My Life
30%
DJ Snake and Lil JonTurn Down For What
29%
The Chainsmokers#Selfie
28%
One DirectionStory of My Life
28%
BeyonceDrunk In Love
23%
Aloe BlaccThe Man
23%
Bruno MarsYoung Wild Girls
1%

Score Distribution

Percentile by Number Answered

Percent of People with Each Score

Your Score History

You have not taken this quiz